000
00336nam a2200133Ia 4500
008
231017s9999 xx 000 0 und d
082
_a
623.62099
082
_b
CAI
245
0
_a
Road Surface Characteristics and Crash Occurrence: A Literature Review
245
0
_c
AUSTROADS
260
_b
AUSTROADS
300
_c
30cm
942
_c
REP
999
_c
604064
_d
604064